[Event "Corus"]
[Site "Wijk aan Zee"]
[Date "2002.01.24"]
[Round "10"]
[White "Morozevich, Alexander"]
[Black "Piket, Jeroen"]
[Result "1-0"]
[WhiteElo "2742"]
[BlackElo "2659"]
[Annotator "Huzman,A"]
[PlyCount "83"]
[EventDate "2002.01.12"]
[EventType "tourn"]
[EventRounds "13"]
[EventCountry "NED"]
[EventCategory "18"]
[SourceTitle "CBM 087"]
[Source "ChessBase"]
[SourceDate "2002.03.21"]
[SourceVersion "1"]
[SourceVersionDate "2002.03.21"]
[SourceQuality "1"]

1. e4 e5 2. Nf3 Nf6 3. Nxe5 d6 4. Nf3 Nxe4 5. d4 d5 6. Bd3 Bd6 7. O-O O-O 8. c4
c6 9. Qc2 Na6 10. a3 f5 11. c5 (11. Nc3 Nc7 12. Ne2 Ne6 13. b4 Kh8 14. Bb2 Qe8
15. Rae1 Qh5 16. Ne5 f4 17. f3 N4g5 18. cxd5 cxd5 19. Bc1 $1 $16 {1/2-1/2
Timman,J-Salov,V/Saint John (m2) 1988/(46) /\ Qb3}) (11. Nc3 {(Kogan,B) - 29/
218}) 11... Bb8 $5 $146 (11... Be7 12. Ne5 Nc7 13. f3 Ne6 14. Be3 Bg5 15. f4
Bf6 (15... Bh6 16. Nc3 Bd7 17. b4 Be8 18. g4 g6 19. g5 Bg7 20. Ne2 Rc8 21. Qa4
a6 22. Rad1 Rc7 23. Qb3 h6 24. h4 hxg5 25. hxg5 N4xg5 26. fxg5 Bxe5 27. dxe5 f4
$19 {0-1 de Firmian,N-Kogan,B/USA (ch) 1986 (32)}) 16. b4 g5 17. g3 gxf4 18.
gxf4 Kh8 (18... Bxe5 $5) 19. Nc3 Bxe5 20. fxe5 f4 21. Bf2 {Rusakov,Y-Glek,I/
corr 1988/Inf 45 (21)} N6g5 $1 $36) 12. Nc3 Nc7 13. Ne2 {Probably, White
should have rather exchanged the dark-squared bishops by playing} (13. Bf4 $5
Ne6 14. Bxb8 Rxb8 15. Ne2 $14) 13... Ne6 {Now White's Bc1 will have to occupy
quite a passive position on "b2".} 14. b4 Qf6 15. Bb2 Bd7 {[%cal Yd7e8,Ye8h5]
It is a classical way of developing the Bc8 in the "stonewall" system of the
Dutch opening.} 16. Rae1 {White is getting prepared to place his Nf3 on e5.} (
16. Ne5 Nxd4 17. Bxd4 (17. Nxd7 Qh6 $19) 17... Bxe5 $17) 16... Be8 17. Qc1 {
a provocative move.White is luring his opponent to play Bh5.} (17. Ng3 Bg6)
17... Bh5 (17... Bc7 $5) 18. Ne5 Bxe2 (18... Nxd4 19. Nd7 Qh4 20. Nxb8 Nxe2+
21. Bxe2 Raxb8 (21... Bxe2 {see the text}) 22. f3 Nf6 23. Bd3 $44) 19. Bxe2
Nxd4 20. Nd7 Qh4 21. Nxb8 Nxe2+ 22. Rxe2 Raxb8 23. f3 Nf6 24. Rfe1 $44 h6 (
24... Rf7 25. g3 Qh5 26. Qf4 Nd7 27. Re7 Rbf8 28. Qc7 $16) 25. h3 (25. g3 Qg5)
25... Rf7 (25... Qg5 $5) 26. Re6 Rd8 (26... Nh7 {[%cal Yh7g5]} 27. Be5 Rd8 28.
Bd6) 27. Be5 Nh7 (27... d4 28. Rd1 Rd5 29. Qc4 $44) 28. Bd6 Ng5 29. Re8+ Rxe8
30. Rxe8+ Kh7 31. Be5 Qh5 (31... Rd7 32. Qb1 Rf7 33. Qd3 $44) 32. Qe3 Qg6 33.
Kh1 f4 (33... Rd7 $5 34. Bd4 Ne4 35. Re5 $44) 34. Qe2 Rd7 {Black is trying to
develop some counterplay. To equalize,he could have limited himself to} (34...
Rf5 35. Re7 Rf7 $11) 35. Bxf4 d4 36. Qe5 d3 $2 (36... Nf7 37. Qe1 Qf5 $11) 37.
Bd2 $16 {[%csl Rg5]} Nf7 38. Qf4 b5 (38... Nd6 39. Rf8 $16) 39. Kh2 (39. Qe3 $5
$16) 39... h5 (39... Nd6 $1 40. Rf8 $1 Nc4 41. Qb8 Qe6 42. Rh8+ Kg6 43. Qg3+ (
43. Bc3 Ne3 44. Qg3+ Kh5) 43... Kf7 44. Bc3 $18) 40. Qe4 $1 Qxe4 41. fxe4 {
The Nf7 is out of the game, and Black's position is completely paralysed.} h4
42. Kg1 1-0

[Event "EU-ch 2nd"]
[Site "Ohrid"]
[Date "2001.06.09"]
[Round "8"]
[White "Ponomariov, Ruslan"]
[Black "Motylev, Alexander"]
[Result "1/2-1/2"]
[WhiteElo "2673"]
[BlackElo "2601"]
[Annotator "Huzman,A"]
[PlyCount "37"]
[EventDate "2001.06.01"]
[EventType "swiss"]
[EventRounds "13"]
[EventCountry "YUG"]
[SourceTitle "CBM 084"]
[Source "ChessBase"]
[SourceDate "2001.09.13"]
[SourceVersion "1"]
[SourceVersionDate "2001.09.13"]
[SourceQuality "1"]

1. e4 e5 2. Nf3 Nf6 3. Nxe5 d6 4. Nf3 Nxe4 5. d4 d5 6. Bd3 Nc6 7. O-O Be7 8. c4
Nb4 9. Re1 Nxd3 10. Qxd3 c6 11. cxd5 cxd5 12. Qb5+ Qd7 13. Qb3 O-O 14. Nbd2 $5
$146 (14. Nc3 Nxc3 15. bxc3 Rd8 16. Ba3 Bf6 17. Re3 Qc7 (17... Qc6 18. Be7 Re8
19. Rae1 Bxe7 20. Rxe7 Bd7 21. h3 f6 $11 {1/2-1/2 Topalov,V-Kramnik,V/Las
Vegas USA 1999 (50)}) 18. Qxd5 Be6 19. Qb5 h6 20. h3 Rac8 21. Qb2 b6 22. Rae1
Qc4 23. R1e2 Qa4 24. Kh2 Rd5 25. Bb4 {1/2-1/2 Topalov,V-Adams,M/Dortmund GER
2001/ (25)}) (14. Ne5 Qd8 15. f3 Nd6 $1 $11 {Anand,V-Kramnik,V/Linares 75/(284)
1999/Inf 75 (15)}) 14... Bf6 $1 {[%mdl 36] A witty pawn sacrifice. In a few
moves Black will blockade pawn d4 and obtain a full compensation for the pawn.}
(14... Nf6 15. Ne5 Qd6 16. Ndf3 Ne4 17. Bf4 $36) (14... Nxd2 15. Bxd2 Bf6 16.
Rac1 b6 17. Bb4 Rd8 18. Ne5 Bxe5 19. Rxe5 $16) 15. Nxe4 dxe4 16. Rxe4 Qf5 $1 (
16... b6 17. Ne5 (17. Bg5 Bb7 18. Rh4 Bxg5 19. Nxg5 h6 20. Nf3 Rac8 $44) 17...
Bxe5 (17... Qf5 18. Nxf7 $1 $18) 18. dxe5 Bb7 19. e6 $16) 17. Rf4 (17. Re2 Be6
(17... Qh5 18. d5 Bg4 19. Bf4 $16) (17... b6 18. Ne5 (18. Bg5 $5 Ba6 19. Ree1
Bxg5 20. Re5 Qf4 21. g3 Qg4 22. Rxg5 $16) 18... Bb7 (18... Ba6 19. Re1 Rad8 20.
Nc6 Rd6 $44) 19. Bd2 Rad8 20. Bb4 $16) 18. Qxb7 Bd5 19. Qb5 Rab8 20. Qa5 Rfd8
21. Bd2 Qg6 22. Rae1 h6 $44) 17... Qh5 18. Be3 b6 19. Ne5 (19. d5 Bb7 20. Rd1
Rad8 21. d6 Rd7 22. Bd4 Rxd6 23. Bxf6 Rxf6 24. Rxf6 gxf6 25. Rd7 Qf5 $11) (19.
Ne5 Bxe5 20. Qb5 Bb7 21. dxe5 (21. Qxe5 Qg6 22. f3 Rfe8 23. Qc7 Qe6 24. Re1 Re7
$15) 21... Rfd8 $11) 1/2-1/2

[Event "RUS-chT 12th"]
[Site "Sochi"]
[Date "2005.04.19"]
[Round "1"]
[White "Inarkiev, Ernesto"]
[Black "Skatchkov, Pavel"]
[Result "1-0"]
[WhiteElo "2612"]
[BlackElo "2468"]
[Annotator "Huzman,A"]
[PlyCount "63"]
[EventDate "2005.04.19"]
[EventType "team-tourn"]
[EventRounds "11"]
[EventCountry "RUS"]
[SourceTitle "EXT 2020"]
[Source "ChessBase"]
[SourceDate "2019.10.17"]
[SourceVersion "1"]
[SourceVersionDate "2019.10.17"]
[SourceQuality "1"]
[WhiteTeam "Tomsk 400"]
[BlackTeam "Togliatti Lada"]
[WhiteTeamCountry "RUS"]
[BlackTeamCountry "RUS"]

1. e4 e5 2. Nf3 Nf6 3. Nxe5 d6 4. Nf3 Nxe4 5. Nc3 Nxc3 6. dxc3 Be7 7. Bf4 Nd7
8. Qd2 O-O 9. O-O-O Nc5 10. Nd4 Re8 11. f3 Ne6 12. Nxe6 (12. Be3 Nxd4 (12...
Bg5 13. Nxe6 (13. f4 Bf6 14. Nf3 (14. h3 Nc5 15. Bd3 Ne4 16. Bxe4 Rxe4 17. g4
Qe7 18. Rde1 Bh4 19. Bf2 Bxf2 20. Qxf2 Bd7 $11 {1/2-1/2 Grabics,M-Srebrnic,A/
Rijeka CRO 2005/(34)}) 14... b6 (14... Nc5 15. Bxc5 dxc5 16. Qf2 Qe7 17. Re1
Qf8 18. Rxe8 Qxe8 19. Qxc5 Qe4 20. Qc4 (20. Qxc7 Bf5 21. Bd3 Qe3+ 22. Kb1 Bxd3
23. cxd3 Qxd3+ 24. Ka1 b5 25. Re1 Qd5 26. Ne5 $16 {1/2-1/2 Sveshnikov,
E-Kochyev,A/Leningrad 1977/URS-ch (32)}) 20... Qe3+ 21. Kb1 Be6 22. Qxc7 Qf2
23. Qxb7 Rd8 24. Bd3 Bd5 25. Qc7 g6 $44 {1/2-1/2 Neelotpal,D-Singh,S/IND-ch
Calicut 2003/(66)}) 15. Bc4 Nc5 16. Bd5 Rb8 17. Nd4 Bxd4 18. cxd4 Ne4 19. Qd3
Nf6 20. Bf3 d5 21. Rde1 Bg4 22. h3 Bxf3 23. gxf3 Nh5 $15 {1/2-1/2 Dolmatov,
S-Jussupow,A/Vilnius 1980/URS-ch (41)}) (13. Bxg5 Qxg5 14. Nxe6 (14. Qxg5 Nxg5
15. Nb5 (15. Bc4 Ne6 16. Rhe1 Bd7 17. Kd2 Nxd4 18. cxd4 Kf8 19. Rxe8+ {1/2-1/2
Chekhov,V-Dvorietzky,M/Minsk USSR ch(1l) 1976 (19)}) 15... Ne6 16. c4 (16. Re1
Bd7 17. Rxe6 Bxb5 $11 {1/2-1/2 Braga,C-Jussupow,A/Wch U26 Graz 1981 (24)}) (16.
Bc4 Bd7 17. Bxe6 Bxb5 $11 {1/2-1/2 Yemelin,V-Kochyev,A/St Petersburg 1997/EXT
2000 (27)}) 16... b6 17. Bd3 Bb7 18. Rhe1 Re7 19. Be4 Bxe4 20. Rxe4 Kf8 $11 {
1/2-1/2 Kasparov,S-Poley,V/Minsk 1999 (56)}) 14... Qxd2+ 15. Kxd2 Bxe6 {
1/2-1/2 Tseitlin,M-Kochyev,A/St Petersburg 1992/CBM 30 (15)}) 13... Bxe3 14.
Nxd8 Bxd2+ 15. Kxd2 Rxd8 16. Bd3 Bd7 17. Rhe1 Re8 18. Rxe8+ Rxe8 19. Re1 Rxe1
20. Kxe1 {1/2-1/2 Dolmatov,S-Dvoretzky,M/Frunze 1983/MCD (20)}) 13. cxd4 c6 (
13... Bf6 14. Bd3 Be6 15. h4 c5 16. Bg5 h6 17. d5 Bd7 18. Bf4 b5 $132 {1/2-1/2
Sveshnikov,E-Kochyev,A/Lvov 1978/MCL (28)}) 14. Bd3 Be6 15. Kb1 a5 16. g4 b5
17. h4 a4 18. h5 Bc4 19. f4 {1/2-1/2 Stefansson,H-Bacrot,E/Reykjavik 2003/CBM
94 (19)}) (12. h4 Nxf4 13. Qxf4 d5 14. Nf5 Bf6 15. Bd3 Be5 16. Qd2 {1/2:1/2
Kuprejchik-Makarychev, USSR ch 1980/81}) 12... Bxe6 13. Kb1 (13. Bd3 a5 14. Kb1
a4 15. h4 c6 16. g4 Qa5 17. g5 Qd5 18. c4 $14 {0-1 Sambuco Salomone,
L-Barrionuevo,P/Buenos Aires ARG 2004/(38)}) 13... c6 (13... Qd7 14. Bd3 (14.
h4 Qa4 15. b3 Qc6 16. Bg5 a5 17. a4 Qc5 18. Bd3 d5 19. Rde1 c6 20. f4 Bg4 21.
f5 $36 {1-0 Alanic,X-Deleva,M/Le Grand Bornand 2003/EXT 2004 (36)}) 14... Bf5
15. g4 Bxd3 16. Qxd3 Qa4 17. Bc1 Bf8 18. h4 Re6 19. h5 Rae8 20. g5 $36 {
1/2-1/2 Cuartas,C-Lirindzakis,T/Thessaloniki 1984/EXT 97-B (58)}) 14. Bd3 Qa5
$6 {Black lose few tempoes by this move and attack of White on the king's side
became more dangerous than counterplay of Black on the queen's side.} (14... b5
$5 15. h4 a5 16. h5 b4 17. c4 d5 18. Qf2 a4 $132) 15. a3 b5 16. h4 Qd8 17. g4
a5 18. g5 b4 19. a4 d5 (19... Rb8 20. c4 {[%cal Gb2b3]} b3 21. cxb3 Rxb3 $140
22. Bxh7+ $16) 20. h5 bxc3 $2 (20... Qb6 21. h6 (21. g6 Bf6) (21. Bxh7+ Kxh7
22. g6+ Kg8) (21. Be5 bxc3 22. Bxc3 Bb4) 21... g6 22. Be5 bxc3 23. Qxc3 Bb4 24.
Qd4 Qxd4 25. Bxd4 Bd7 $14) 21. Qxc3 {[%cal Gh5h6]} d4 (21... Bb4 22. Qxc6 Rc8
23. Qb5 Rc5 24. Qb7 $16) 22. Bxh7+ $1 {[%mdl 128]} Kxh7 23. Rxd4 Qc8 (23... Bd5
24. h6 f6 25. hxg7+ Kxg7 26. Qd3 Rh8 27. Rg1 fxg5 28. c4 $18) 24. h6 $1 f6 25.
hxg7+ Kxg7 26. Bd6 $1 Bd8 (26... Rh8 27. Rg1 $18) 27. Rf4 Bf5 28. Rg1 (28. Qc5
Bg6 29. gxf6+ $18) 28... Kf7 29. Qc5 $1 Bg6 30. gxf6 Rg8 31. Re1 Qa6 32. Qe3
1-0

[Event "FIDE-Wch k.o."]
[Site "Moscow"]
[Date "2001.12.03"]
[Round "4.1"]
[White "Topalov, Veselin"]
[Black "Shirov, Alexei"]
[Result "1/2-1/2"]
[WhiteElo "2733"]
[BlackElo "2706"]
[Annotator "Huzman,A"]
[PlyCount "169"]
[EventDate "2001.11.27"]
[EventType "k.o."]
[EventRounds "7"]
[EventCountry "RUS"]
[SourceTitle "CBM 086"]
[Source "ChessBase"]
[SourceDate "2002.02.05"]
[SourceVersion "1"]
[SourceVersionDate "2002.02.05"]
[SourceQuality "1"]

1. e4 {Hecht} e5 2. Nf3 Nf6 3. Nxe5 d6 4. Nf3 Nxe4 5. d4 d5 6. Bd3 Nc6 7. O-O
Be7 8. c4 Nb4 9. Be2 O-O 10. Nc3 Be6 11. Ne5 c5 12. Nxe4 dxe4 13. d5 Bc8 14. a3
Na6 15. Qc2 $1 $146 f6 16. Ng4 Bd6 (16... Qd6 17. f3 f5 18. Nf2 Bf6 19. fxe4
Be5 20. h3 Bd4 21. e5 Qxe5 22. Kh1 Bd7 23. Nd3 Ba4 24. Qxa4 Qxe2 25. Rf3 $1 $16
{1-0 Anand,V-Shirov,A/Moscow RUS 2001/(44)}) 17. f4 $1 {[%mdl 32]} exf3 (17...
Bxg4 $142 18. Bxg4 f5 19. Be2 $14) (17... f5 18. Ne3 $36 {[%cal Gg2g4]}) 18.
Bxf3 {White have clear advantage due to Na6,passed pawn d5 and space advantage.
} Qc7 19. g3 Bd7 $6 (19... f5 $5 20. Nf2 f4 $132 21. g4 Be5 22. Bd2 Bd7 23. Bc3
$14) 20. Nf2 b5 {Probably better was to refrain from this move.After few moves
pawn c5 would became weak.} 21. b3 Rae8 22. Kg2 Be5 23. Rb1 Bd4 24. Bd2 b4 {
Black decide to close Q's side because there were possibilities to play there
only for White.} 25. a4 Qc8 26. Rbe1 Bf5 27. Be4 Rxe4 28. Nxe4 Bh3+ 29. Kh1
Bxf1 30. Rxf1 Qg4 31. Nd6 $16 {[%csl Ra6,Rb4,Rc5] Exchanges didn't help Black.
Their weaknesses became obvious now.} Rd8 32. Qf5 h5 33. Qxg4 hxg4 34. Nb5 $1
Rd7 35. Bf4 (35. Rf4 Be5 36. Rxg4 Nb8 37. Be3 a6 38. Bxc5 axb5 39. axb5 $16 {
Three passed pawns should decide the game.}) 35... Re7 $1 {Shirov prepares a
counterplay.} 36. Nxd4 (36. Rd1 Kf7 37. Nxd4 cxd4 38. Rxd4 Nc5 $44) 36... cxd4
37. c5 g5 38. Bd6 (38. d6 Re8 (38... Rf7 39. c6 $1 gxf4 40. Rxf4 $18) 39. d7
Rd8 40. Bd6 Rxd7 41. Rd1 d3 42. Kg2 Rd8 $1 (42... f5 43. Kf2 f4 44. gxf4 gxf4
45. Rg1 Rg7 46. c6 $16) 43. Kf2 Rc8 $17) 38... Re3 39. c6 (39. Rxf6 d3 40. Rf2
Re2 41. Kg2 d2 $19) 39... Kf7 40. Bb8 $2 (40. Kg1 Kg6 41. Rd1 $16) 40... Nxb8
41. c7 Re8 42. cxb8=Q (42. Rc1 d3 43. cxb8=Q Rxb8 44. Rd1 Rc8 45. Rxd3 Rc3 $19)
42... Rxb8 43. Rd1 f5 44. Rxd4 Kf6 $17 {Endgame of this very interesting game
was played in mutual timetrouble and Shirov missed his winning chances.} 45.
Rc4 Ke5 46. Rc7 Kxd5 47. Rxa7 Rc8 48. Rd7+ Ke4 49. Rd1 Rc3 50. a5 Rxb3 51. a6
Ra3 52. Rb1 f4 53. Rxb4+ Ke3 {Hecht: '[#] Läßt Weiß hier das Remis aus und
anschließend Schwarz den Gewinn? Es geht allein um Zug 54! '} 54. Rb1 {'?'
Hecht.} (54. gxf4 $1 {Hecht} gxf4 55. Rb1) 54... Rxa6 (54... f3 $1 {Hecht} 55.
Kg1 Rxa6 56. Rb3+ Ke2 57. Rb2+ Kd3 58. Rb4 Ra1+ 59. Kf2 Ra2+ 60. Kg1 Rg2+ 61.
Kh1 Rd2 62. Kg1 Ke3 63. Rb1 Ke2 64. Ra1 Rd1+ 65. Rxd1 Kxd1 66. Kf1 Kd2 67. Kf2
Kd3 68. Kf1 (68. h3 {Hecht} gxh3 69. Kxf3 g4+ $19) 68... Ke3 69. Ke1 f2+ 70.
Kf1 Kf3 $19) 55. Rb3+ Ke2 56. Rb2+ Kd3 57. gxf4 gxf4 58. Rb4 Ra1+ 59. Kg2 f3+
60. Kf2 Ra2+ 61. Kg1 Rg2+ 62. Kh1 Rd2 63. Kg1 Ke3 64. Rb3+ Rd3 65. Rb1 Rd4 66.
Rb3+ Kf4 67. Rb8 Rd1+ 68. Kf2 Rd2+ 69. Kg1 Rg2+ 70. Kh1 Re2 71. Kg1 Ke3 72.
Re8+ Kd2 73. Ra8 Rg2+ 74. Kh1 Ke3 75. Ra3+ Kf4 76. Ra4+ Kg5 77. Ra8 g3 78. hxg3
Kg4 79. Rg8+ Kh3 80. Rh8+ Kxg3 81. Rg8+ Kf2 82. Ra8 Rg7 83. Ra2+ Kg3 84. Kg1 $1
Rb7 85. Rg2+ $1 $11 1/2-1/2

[Event "Corus-B"]
[Site "Wijk aan Zee"]
[Date "2006.01.28"]
[Round "12"]
[White "Almasi, Zoltan"]
[Black "Motylev, Alexander"]
[Result "1-0"]
[WhiteElo "2646"]
[BlackElo "2638"]
[Annotator "Huzman,A"]
[PlyCount "95"]
[EventDate "2006.01.14"]
[EventType "tourn"]
[EventRounds "13"]
[EventCountry "NED"]
[EventCategory "15"]
[SourceTitle "CBM 111"]
[Source "ChessBase"]
[SourceDate "2006.04.04"]
[SourceVersion "1"]
[SourceVersionDate "2006.04.04"]
[SourceQuality "1"]

1. e4 e5 2. Nf3 Nf6 3. Nxe5 d6 4. Nf3 Nxe4 5. Nc3 Nxc3 6. dxc3 Be7 7. Bf4 Nc6
8. Qd2 Be6 9. O-O-O Qd7 10. Kb1 a6 11. Nd4 (11. Bd3 O-O-O (11... h6 12. Qe2 Bf5
13. Bc4 Be6 14. Rhe1 Bxc4 15. Qxc4 O-O 16. h3 Bf6 $14 {1/2-1/2 Shaposhnikov,
E-Iljin,A/Sochi RUS 2005/(21)}) 12. Rhe1 (12. Ng5 Bxg5 13. Bxg5 f6 14. Be3 Ne5
15. Be2 Bc4 $11 {1-0 Pojer,R-Bondielli,G/Arco HUN 2005 (70)}) 12... h6 (12...
Kb8 13. h3 h6 14. Bf1 Rhe8 15. Nd4 Nxd4 16. cxd4 d5 $14 {1-0 Lintchevski,
D-Skjoldan,B/Herceg Novi SCG 2005/(39)}) 13. Qe2 Kb8 14. Nd4 Nxd4 15. cxd4 $11
{1-0 Hobusch,W-Steffan,J/DDR-Cup6 corr8183 1981/CR97-81 (27)}) (11. Bd3) (11.
h4 h6 12. a3 O-O-O 13. Nd4 Nxd4 14. cxd4 d5 $11 {1-0 Matikozian,A-Santalla,A/
Las Vegas USA 2005/(47)}) (11. Ng5 Bxg5 12. Bxg5 f6 13. Be3 O-O-O 14. h3 Ne7 (
14... Rhe8 15. Be2 Qf7 16. b3 Re7 17. g4 Rde8 18. Rhe1 h6 19. Bf3 Bd7 20. c4 f5
21. Bd5 Qg6 $132 {1/2-1/2 Almasi,Z-Rustemov,A/Solingen GER 2006/(41)}) 15. f3
h5 16. Bf2 Rde8 17. Be2 Nc6 18. Rhe1 Bf5 19. b3 Re7 20. Bf1 Rxe1 21. Rxe1 Re8
$14 {1/2-1/2 Golod,V-Malakhatko,V/Basel SUI 2006/The Week in Chess 586 (54)})
11... Nxd4 12. cxd4 d5 13. Bd3 Bd6 (13... O-O 14. h4 c6 15. h5 Bf5 16. Bxf5
Qxf5 17. g4 Qd7 18. g5 $36 {1-0 Romanov,E-Ustinov,A/Moscow RUS 2006 (37)}) 14.
Rhe1 (14. Rde1 O-O 15. Be5 Bxe5 16. Rxe5 f6 17. Re3 Rfe8 18. Rhe1 Qd6 19. g3 {
1/2-1/2 Izoria,Z-Erenburg,S/Moscow RUS 2006/(19)}) 14... O-O-O 15. Bg3 $14 {
White's control over the e-file provides him with a certain iniative. Besides,
the "d3" B looks better than his "e6" counterpart.} Bxg3 16. hxg3 Bf5 17. Bxf5
Qxf5 18. Re7 (18. Re5 Qd7 19. Rde1 Rhe8 $14) 18... Rhe8 (18... Rd7 19. Re5 Qg6
20. Rde1 $16) 19. Rde1 Rxe7 20. Rxe7 Qf6 21. Re5 (21. Qe3 Rd7 22. Re5 $14)
21... c6 22. f4 Rd6 {[%cal Yd6e6]} 23. f5 Rd8 24. b3 h6 25. Qb4 Qd6 26. Qe1 Kd7
(26... Kc7 $5) 27. Kb2 Qf8 (27... Kc7 $5 {was worth attention.}) 28. a4 f6 (
28... Qd6 29. a5 Kc7 $14 {/+/-}) 29. Re6 Re8 30. c4 Rxe6 (30... dxc4 $5 31.
bxc4 Rxe6 32. Qxe6+ (32. fxe6+ Ke8 {[%cal Yf8d6]} 33. c5 Ke7 34. Qb4 Qb8 $11)
32... Kc7 33. c5 b6 $14) 31. fxe6+ (31. Qxe6+ Kc7 32. cxd5 Qb4 $1 33. Kc2 Qxd4
34. Qe7+ Kb6 $11) 31... Ke8 32. cxd5 cxd5 $2 ({Black overlooks the saving} 
32... Qd6 $1 33. dxc6 (33. Qe4 Qxd5 34. Qg6+ Kd8 35. Qf7 (35. e7+ Kxe7 36.
Qxg7+ Ke6 37. Qg8+ Kd7 $11) 35... Qxd4+ $11) 33... Qxc6 34. Qc3 Qxe6 35. Qc4
Kd7 $11) 33. Qc3 $16 Qd6 34. Qc8+ Ke7 35. Qxb7+ Kxe6 36. Qxg7 Qb6 (36... Kf5
$142 37. Qxh6 Ke4 $132 38. Qf4+ Qxf4 39. gxf4 Kxd4 40. g4 Ke3 41. g5 fxg5 42.
fxg5 d4 43. g6 d3 44. g7 d2 45. g8=Q d1=Q 46. Qe6+ Kf4 $16 47. Qxa6 $140 Qd4+
$11) 37. Qg8+ Kd6 38. Qf8+ Ke6 39. Qc5 $1 Qb7 40. g4 Kf7 41. b4 $18 Qd7 42. b5
a5 (42... axb5 43. axb5 Qe6 44. b6 $18) 43. b6 Qxg4 44. Qxd5+ Kg7 45. Kc3 $1
Qd1 46. Qd7+ Kg6 47. b7 Qc1+ 48. Kb3 (48. Kb3 Qb1+ 49. Kc4 Qb4+ 50. Kd5 Qb3+
51. Kd6 Qb6+ 52. Ke7 Qb4+ 53. Ke8 $18 {[%cal Gd7b5]}) 1-0

[Event "Sigeman & Co 13th"]
[Site "Malmo/Copenhagen"]
[Date "2005.04.16"]
[Round "2"]
[White "Hermansson, Emil"]
[Black "Iordachescu, Viorel"]
[Result "0-1"]
[WhiteElo "2432"]
[BlackElo "2609"]
[Annotator "Huzman,A"]
[PlyCount "79"]
[EventDate "2005.04.15"]
[EventType "tourn"]
[EventRounds "9"]
[EventCountry "SWE"]
[EventCategory "13"]
[SourceTitle "CBM 107"]
[Source "ChessBase"]
[SourceDate "2005.08.01"]
[SourceVersion "1"]
[SourceVersionDate "2005.08.01"]
[SourceQuality "1"]

1. e4 e5 2. Nf3 Nf6 3. Nxe5 d6 4. Nf3 Nxe4 5. d4 d5 6. Bd3 Nc6 7. O-O Be7 8. c4
Nb4 9. Be2 Be6 10. Nc3 O-O 11. Ne5 c5 12. Nxe4 dxe4 13. d5 Qc7 14. Ng4 $6 $146
{This unsucssessful novelty gives initiative to Black.} (14. a3 Qxe5 15. axb4
Bd7 16. bxc5 Bxc5 17. Rb1 (17. Qb3 b6 {1/2-1/2 Rizouk,A-Gustafsson,J/Andorra
2002/CBM 89 ext (17)}) 17... a5 18. Be3 b6 19. Qd2 f5 20. g3 h6 21. Bf4 Qf6 22.
h4 Rae8 23. h5 Re7 24. b4 axb4 25. Rxb4 e3 26. fxe3 Rxe3 27. Bxe3 Qd6 28. Bxc5
Qxg3+ {1/2-1/2 Areshchenko,A-Motylev,A/Dubai UAE 2005/(28)}) (14. Bf4 Bd6 15.
a3 Nc6 16. dxc6 {1/2-1/2 Ivanchuk,V-Nielsen,P/Bled 2002/EXT 2003 (16)}) 14...
Bxg4 15. Bxg4 Nd3 $36 16. Bd2 Bf6 17. Rb1 Bd4 (17... Bxb2 $5 18. Be2 (18. Qb3
Be5 19. g3 Bd4 20. Qxb7 Qe5 $17 {/\21..Nf2}) 18... Be5 19. Bxd3 exd3 20. h3 $15
{[%cal Gd1b3,Gb3d3,Gb3b7]}) 18. Be3 f5 (18... Qe5 19. Be2 Nf4 20. Qd2 $11) 19.
Be2 Bxe3 20. fxe3 Ne5 $15 {Usually in close positions knight is stronger than
bishop.} 21. Qd2 Rf6 22. Rbd1 Qd6 23. a3 Raf8 24. b4 b6 25. bxc5 bxc5 {This
move gives White possibilities for counterplay.} ({To my opinion} 25... Qxc5 $5
26. Qc3 Nf7 $15 {[%csl Rc4][%cal Yf7d6] was stronger}) 26. Qa5 g5 (26... Rh6
27. g3) 27. g3 (27. Qxa7 f4 28. Rf2 f3 $17 29. gxf3 $140 Ng4 $1 30. Rg2 Nxe3
31. Rxg5+ Rg6 $19) 27... h5 (27... f4 28. exf4 gxf4 29. Rxf4 Rxf4 30. gxf4 Ng6
31. Kh1 Nxf4 32. Rg1+ Kh8 33. Qxa7 $132 Qf6 34. Rf1 Qd6 35. Rg1 $11) (27... a6
28. Rb1 R8f7 29. Qc3 $132) 28. Rb1 $1 (28. Qxa7 h4 29. Kg2 Rg6 $1 $40 {[%cal
Yf5f4]}) 28... h4 29. gxh4 f4 (29... gxh4 30. Qe1 Rg6+ 31. Kh1 $14 {[%cal
Gf1g1]}) (29... g4 30. Qxa7 Rg6 (30... Rh6 31. Rf4 Kh8 $13) 31. Rf4 Nf3+ 32.
Kh1 $14) 30. hxg5 f3 (30... Rf5 31. exf4 $16) 31. gxf6 Ng4 (31... fxe2 32. Rf2
Rxf6 33. Rxf6 Qxf6 34. Qc7 Nf3+ 35. Kh1 e1=Q+ 36. Rxe1 Nxe1 37. Qg3+ $16) 32.
Rf2 Nxf2 33. Qxa7 $2 ({Return of Qa5 to defence saved the game.} 33. Qe1 $1 Ng4
(33... Nh3+ 34. Kh1 fxe2 35. Qxe2 Qd7 36. Rf1 Qh7 37. Qg4+ Kh8 38. f7 $18) (
33... fxe2 34. Qxf2 Rxf6 35. Qxe2 $16) 34. Qh4 Rxf6 35. Kh1 Rg6 36. Bf1 $11)
33... Nh3+ (33... Qxf6 $19) 34. Kh1 Qxf6 35. Bf1 Nf2+ 36. Kg1 Ng4 (36... Nd1 $1
37. Rxd1 f2+ 38. Kh1 Qf3+ 39. Bg2 Qxd1+ $19) 37. Qc7 f2+ 38. Kh1 Nxe3 39. Qg3+
Qg7 40. Qxg7+ 0-1